| 000 | 00000nam 2200000zi 4500 |
| 001 | 9.917912 |
| 003 | CaOODSP |
| 005 | 20230104105551 |
| 006 | m o d f |
| 007 | cr mn||||||||| |
| 008 | 221201e20220609onca ob f000 0 eng d |
| 040 | |aCaOODSP|beng|erda|cCaOODSP |
| 043 | |an-cn--- |
| 086 | 1 |aYN5-257/2022E-PDF |
| 245 | 00|aCanada's military expenditure and the NATO 2% spending target. |
| 264 | 1|a[Ottawa] : |bOffice of the Parliamentary Budget Officer = Bureau du Directeur parlementaire du budget, |cJune 9, 2022. |
| 264 | 4|c©2022 |
| 300 | |a1 online resource (13 pages) : |bcolour illustrations |
| 336 | |atext|btxt|2rdacontent |
| 337 | |acomputer|bc|2rdamedia |
| 338 | |aonline resource|bcr|2rdacarrier |
| 500 | |aIssued also in French under title: Dépenses militaires du Canada et objectif de dépenses de 2 % de l'OTAN. |
| 500 | |a"RP-2223-010-S_e." |
| 504 | |aIncludes bibliographical references. |
| 520 | |a"The Parliamentary Budget Officer (PBO) supports Parliament by providing economic and financial analysis for the purposes of raising the quality of parliamentary debate and promoting greater budget transparency and accountability. This report presents fiscal analysis of achieving the North Atlantic Treaty Organization's 2% Defence Spending Target." |
| 610 | 10|aCanada. |bDepartment of National Defence|xAppropriations and expenditures. |
| 610 | 10|aCanada. |bCanadian Armed Forces|xAppropriations and expenditures. |
| 610 | 20|aNorth Atlantic Treaty Organization|xAppropriations and expenditures. |
| 710 | 1 |aCanada. |bOffice of the Parliamentary Budget Officer, |eissuing body. |
| 775 | 08|tDépenses militaires du Canada et objectif de dépenses de 2 % de l'OTAN.|w(CaOODSP)9.917913 |
| 856 | 40|qPDF|s391 KB|uhttps://publications.gc.ca/collections/collection_2023/dpb-pbo/YN5-257-2022-eng.pdf |